000 00193nam a22000857a 4500
001 1301076
005 20260428112110.0
245 _aSAFAHAT
_cMEHMET AKİF ERSOY
260 _bKİTAP ZAMANI YAYINLARI
999 _c1301076
_d1301076